000
00271nam a22001457a 4500
999
_c
160231
_d
160231
082
_a
_b
245
_a
The aitareya brahmana (v.1)/
260
_a
Delhi:
_b
Nag,
_c
1991.
300
_a
490
_a
600
_a
650
_a
_v
700
_a
942
_c
BK